LEADER 01158nam a2200289 i 4500 001 000000116019 003 CaOOAMICUS 005 20240923120506.0 008 040603s2003 it u000 u ita u 013 $a88708 020 $a88-7016-449-7 040 $aSeMil$bita 100 1 $aRendtorff, Rolf <1925-2014>.$0(OLS)http://semarc/name/299 245 15$a2: I temi /$cRolf Rendtorff. 264 1$aTorino :$bClaudiana,$c2003. 300 $a436 p. ;$c24 cm 490 1 $aStrumenti ;$v6 700 1 $aDi Pasquale, Marco.$0(OLS)http://semarc/name/47975 773 0 $aRendtorff, Rolf <1925-2014>$tTeologia dell'Antico Testamento.$dTorino : Claudiana, 2001-2003.$kStrumenti $g2$w()9091 830 0$aStrumenti ;$v6.$0(OLS)http://semarc/title/438498 850 $aSeMil 852 $aSeMil$W1$xVenegono$y1$m2WA G 6$j231133$B71502$CSeMilBibl$Z2$F75720 $81 961 $aAcquisto: Mescat 996 $6020$a88-7016-449-7$9(OLS)http://semarc/number/99999 996 $6245$a2: I temi$9(OLS)http://semarc/title/9251 996 $6264$aTorino :$bClaudiana$9(OLS)http://semarc/publisher/29837 LEADER 01020nam a2200241 i 4500 001 000000170427 003 CaOOAMICUS 005 20080325000000.0 008 080325s2007 it u000 u ita u 013 $a147838 020 $a978-88-02-07755-0 040 $aSeMil$bita 245 10$aDocumenti fotografici /$cdirezione scientifica di Marcello Flores ; ideazione e cura del volume di Alessandra Mauro. 300 $aXXXIII, 313 p. :$bricc. ill. 650 4$aFotografie - Cultura dei diritti.$0(OLS)http://semarc/subject/32459 700 1 $aMauro, Alessandra.$0(OLS)http://semarc/name/63775 700 1 $aFlores, Marcello,$d<1945- >.$0(OLS)http://semarc/name/6745 773 0 $tDiritti umani.$dTorino : UTET, 2007-$g[6$w()14365 850 $aSeMil 852 $aSeMil$W1$xVenegono$y1$mSL1.A IV 36$j121314$B121314$CSeMilBibl$Z2$F132672 $8I 961 $aAcquisto: UTET (Agente) 996 $6020$a978-88-02-07755-0$9(OLS)http://semarc/number/157392 996 $6245$aDocumenti fotografici$9(OLS)http://semarc/title/243746